Environmental engineering. (Record no. 2140)

MARC details
000 -LEADER
fixed length control field 00722nam a22002177a 4500
003 - CONTROL NUMBER IDENTIFIER
control field OSt
005 - DATE AND TIME OF LATEST TRANSACTION
control field 20150710190418.0
008 - FIXED-LENGTH DATA ELEMENTS--GENERAL INFORMATION
fixed length control field 150710b xxu||||| |||| 00| 0 eng d
020 ## - INTERNATIONAL STANDARD BOOK NUMBER
International Standard Book Number 9780470083055
040 ## - CATALOGING SOURCE
Transcribing agency DDC
082 ## - DEWEY DECIMAL CLASSIFICATION NUMBER
Classification number 628 ENV 2009
100 ## - MAIN ENTRY--PERSONAL NAME
Personal name editor Nemerow, Nelson L.
9 (RLIN) 5516
245 ## - TITLE STATEMENT
Title Environmental engineering.
Remainder of title environmental health and safety for municipal infrustructure, land use and planning, and industry
250 ## - EDITION STATEMENT
Edition statement 6th ed.
260 ## - PUBLICATION, DISTRIBUTION, ETC. (IMPRINT)
Place of publication, distribution, etc. New Jersey;
Name of publisher, distributor, etc. John Wiley,
Date of publication, distribution, etc. 2009
300 ## - PHYSICAL DESCRIPTION
Extent xix,556p;
Other physical details ill:
Dimensions 24.5cm
504 ## - BIBLIOGRAPHY, ETC. NOTE
Bibliography, etc Bibliography, & index included
650 ## - SUBJECT ADDED ENTRY--TOPICAL TERM
Topical term or geographic name as entry element Environmental engineering
9 (RLIN) 5517
700 ## - ADDED ENTRY--PERSONAL NAME
Personal name editor Agard, Franklin J. ;Sullivan, Patrick
9 (RLIN) 5518
942 ## - ADDED ENTRY ELEMENTS (KOHA)
Source of classification or shelving scheme Dewey Decimal Classification
Koha item type Open Shelf
Holdings
Withdrawn status Lost status Source of classification or shelving scheme Damaged status Not for loan Home library Current library Date acquired Source of acquisition Inventory number Total Checkouts Full call number Barcode Date last seen Koha item type
    Dewey Decimal Classification     MUST Main Library MUST Main Library 10/07/2015   15/39288   628 ENV 2009 2015-2067 10/07/2015 Open Shelf
    Dewey Decimal Classification     MUST Main Library MUST Main Library 10/07/2015   15/39289   628 ENV 2009 2015-2068 10/07/2015 Open Shelf
    Dewey Decimal Classification     MUST Main Library MUST Main Library 14/07/2015   11/33779   628 ENV 2009 2015-2083 14/07/2015 Open Shelf
    Dewey Decimal Classification     MUST Main Library MUST Main Library 16/08/2016   11/33767   628 ENV 2009 2016-3666 16/08/2016 Open Shelf